000 00266nam a2200097Ia 4500
001 1172623
005 20250827012559.0
008 250824s9999 xx 000 0 und d
245 0 _aARKADAŞLARIM İÇİN
_cIRMAK ZİLELİ
260 _bGÜNIŞIGI KİTAPLIĞI YAYINLARI
999 _c1172623
_d1172623